| 000 | 00542nam a22001697a 4500 | ||
|---|---|---|---|
| 003 | OSt | ||
| 005 | 20260423140943.0 | ||
| 008 | 260108b |||||||| |||| 00| 0 eng d | ||
| 040 | _cSVYASA | ||
| 100 |
_aSonu Maurya _91224 |
||
| 245 | _aEfficacy of three month yoga intervention on the management of type 1 diabetes A Randomized contrrolled trail. | ||
| 260 |
_aBangaluru _bSvyasa _c2025 |
||
| 300 | _a80 p. | ||
| 856 | _uhttp://hdl.handle.net/10603/694412 | ||
| 856 | _uhttps://elibraryofyoga.com/handle/123456789/2576 | ||
| 942 |
_2ddc _cT _n0 |
||
| 999 |
_c20828 _d20828 |
||